[Event "Monarque Noir"]
[Site "Gatineau CAN"]
[Date "2006.01.10"]
[Round "2"]
[White "Libersan, Mattieu"]
[Black "Arsenault, Yves"]
[Result "1-0"]
[WhiteElo "1821"]
[BlackElo "1558"]
[PlyCount "69"]
[EventDate "2006.01.03"]
[EventType "swiss"]
[EventRounds "7"]
[EventCountry "CAN"]

1. e4 c5 2. Nf3 e6 3. d4 cxd4 4. Nxd4 Bc5 5. Nc3 Nc6 6. Nxc6 bxc6 7. Be2 Ne7 8.
O-O O-O 9. Na4 Bb6 10. Nxb6 axb6 11. Qd6 Ng6 12. Be3 Bb7 13. Rfd1 c5 14. f3 Bc6
15. b3 Qf6 16. a4 Ne7 17. a5 Nc8 18. Qd2 d5 19. Bg5 Qe5 20. Bf4 Qf6 21. exd5
exd5 22. Bd3 b5 23. Bg5 Qd6 24. Bf4 Qf6 25. Re1 c4 26. Be5 Qd8 27. Bf1 Ne7 28.
g3 Ng6 29. Bc3 Ra7 30. Qd4 Qf6 31. Qxa7 Qxc3 32. Qb6 Ne5 33. Bg2 h6 34. Qe3 Re8
35. Qxc3 1-0

[Event "Monarque Noir"]
[Site "Gatineau CAN"]
[Date "2006.01.10"]
[Round "2"]
[White "Pilon, Robert"]
[Black "Lacourse, Guy"]
[Result "1/2-1/2"]
[WhiteElo "1540"]
[BlackElo "1704"]
[PlyCount "80"]
[EventDate "2006.01.03"]
[EventType "swiss"]
[EventRounds "7"]
[EventCountry "CAN"]

1. d4 Nf6 2. c4 e6 3. Nc3 d5 4. cxd5 exd5 5. Nf3 Be7 6. Bg5 O-O 7. e3 Nbd7 8.
Bd3 Re8 9. Qc2 Nf8 10. Ne5 c6 11. h4 Ng4 12. Bxe7 Qxe7 13. Nf3 Be6 14. Ng5 Nf6
15. O-O-O b5 16. Ne2 a5 17. Nf4 Bd7 18. h5 h6 19. Nf3 c5 20. dxc5 Rac8 21. Kb1
Rxc5 22. Qd2 Ne4 23. Bxe4 dxe4 24. Nd4 b4 25. Rc1 Rec8 26. Rxc5 Rxc5 27. Nb3
Re5 28. Rc1 a4 29. Nd4 Rc5 30. Rxc5 Qxc5 31. Qc2 Qa5 32. f3 exf3 33. gxf3 b3
34. axb3 axb3 35. Nxb3 Qe1+ 36. Qc1 Qf2 37. Nd4 Qh4 38. Qc4 Qe1+ 39. Qc1 Qa5
40. Qc4 Qe1+ 1/2-1/2

[Event "Monarque Noir"]
[Site "Gatineau CAN"]
[Date "2006.01.10"]
[Round "2"]
[White "Ralchenko, Maxim"]
[Black "Arsenault, Michel"]
[Result "0-1"]
[WhiteElo "1601"]
[BlackElo "1980"]
[PlyCount "60"]
[EventDate "2006.01.03"]
[EventType "swiss"]
[EventRounds "7"]
[EventCountry "CAN"]

1. e4 c5 2. Nf3 e6 3. d4 cxd4 4. Nxd4 Nf6 5. e5 Qa5+ 6. Nc3 Qxe5+ 7. Be2 Bb4 8.
O-O Nc6 9. Nf3 Qc7 10. Nb5 Qb8 11. a3 Be7 12. g3 O-O 13. Bf4 e5 14. Bg5 d6 15.
Bxf6 gxf6 16. Qd2 Kg7 17. Rad1 Be6 18. Nh4 d5 19. Nc3 Rd8 20. Bd3 Qc8 21. Qe2
Bg4 22. f3 Bh3 23. Ng2 a6 24. g4 Bc5+ 25. Kh1 Bd4 26. Bf5 Qc7 27. Qd3 Ne7 28.
Bxh7 Rh8 29. Bf5 Bxg2+ 30. Kxg2 Rxh2+ 0-1

[Event "Monarque Noir"]
[Site "Gatineau CAN"]
[Date "2006.01.10"]
[Round "2"]
[White "Runge, Evan"]
[Black "Vaillant, Robin"]
[Result "1-0"]
[WhiteElo "1112"]
[BlackElo "1026"]
[PlyCount "47"]
[EventDate "2006.01.03"]
[EventType "swiss"]
[EventRounds "7"]
[EventCountry "CAN"]

1. d4 Nf6 2. c4 d5 3. Nc3 c6 4. Nf3 dxc4 5. e3 b5 6. b3 g6 7. bxc4 bxc4 8. Bxc4
e6 9. O-O Bh6 10. Ba3 Nbd7 11. Rb1 c5 12. dxc5 O-O 13. c6 Nd5 14. Nxd5 Ne5 15.
Nxe5 exd5 16. Bxf8 Bxf8 17. Bxd5 Bd6 18. Nxf7 Qf8 19. Nxd6+ Kg7 20. Nxc8 Rxc8
21. Qd4+ Kh6 22. Qh4+ Kg7 23. Rb7+ Kh8 24. Qd4+ 1-0

[Event "Monarque Noir"]
[Site "Gatineau CAN"]
[Date "2006.01.10"]
[Round "2"]
[White "Scantland, Patrick"]
[Black "Dallaire, Dominic"]
[Result "0-1"]
[WhiteElo "1625"]
[BlackElo "1845"]
[PlyCount "80"]
[EventDate "2006.01.03"]
[EventType "swiss"]
[EventRounds "7"]
[EventCountry "CAN"]

1. d4 Nf6 2. c4 g6 3. Nc3 Bg7 4. e4 d6 5. Nf3 O-O 6. Be2 Nc6 7. O-O Bg4 8. Be3
e5 9. d5 Ne7 10. Qd2 Nh5 11. Bh6 f5 12. Bxg7 Nxg7 13. h3 Bxf3 14. Bxf3 fxe4 15.
Bxe4 Nef5 16. Ne2 Qh4 17. Qd3 Rf7 18. f4 Re8 19. fxe5 Rxe5 20. Rf4 Qe7 21. Nc3
Nh5 22. Rf3 Nh4 23. Rxf7 Qxf7 24. Rf1 Nf4 25. Qg3 Rxe4 26. Nxe4 Ne2+ 27. Kh2
Qxf1 28. Qf2 Qxf2 29. Nxf2 Nf5 30. Nd3 Ne3 31. b3 g5 32. a3 Kf7 33. g3 Kf6 34.
g4 Nd4 35. Nc1 Ke5 36. Kg3 Ke4 37. h4 h6 38. hxg5 hxg5 39. Na2 a6 40. Nc1 Nf1+
0-1

[Event "Monarque Noir"]
[Site "Gatineau CAN"]
[Date "2006.01.10"]
[Round "2"]
[White "Szalay, Karoly"]
[Black "Pepin, Christian"]
[Result "1/2-1/2"]
[WhiteElo "1737"]
[BlackElo "2067"]
[PlyCount "54"]
[EventDate "2006.01.03"]
[EventType "swiss"]
[EventRounds "7"]
[EventCountry "CAN"]

1. e4 c6 2. d4 d5 3. exd5 cxd5 4. Bd3 Nf6 5. Bf4 Nc6 6. c3 Bg4 7. Nf3 e6 8.
Nbd2 Bd6 9. Bxd6 Qxd6 10. O-O Bh5 11. Re1 Bg6 12. Bxg6 hxg6 13. h3 Qf4 14. Qb3
Rb8 15. Ne5 Nxe5 16. dxe5 Qxd2 17. exf6 O-O 18. fxg7 Rfc8 19. Re3 d4 20. cxd4
Qxd4 21. Rd1 Qf6 22. Rde1 Rc6 23. Re4 Rb6 24. Rb4 Rxb4 25. Qxb4 Kxg7 26. Rd1 b6
27. Rd7 Rd8 1/2-1/2

[Event "Monarque Noir"]
[Site "Gatineau CAN"]
[Date "2006.01.17"]
[Round "3"]
[White "Arsenault, Michel"]
[Black "Forget, David"]
[Result "1/2-1/2"]
[WhiteElo "1980"]
[BlackElo "1955"]
[PlyCount "60"]
[EventDate "2006.01.03"]
[EventType "swiss"]
[EventRounds "7"]
[EventCountry "CAN"]

1. c4 c6 2. Nf3 d5 3. b3 Nf6 4. g3 Bg4 5. Bb2 Nbd7 6. Bg2 e6 7. O-O Be7 8. d3
O-O 9. Nbd2 a5 10. a3 Ne8 11. h3 Bh5 12. g4 Bg6 13. Qc2 Nd6 14. Rab1 Bf6 15. b4
axb4 16. axb4 dxc4 17. Nxc4 Nxc4 18. Bxf6 Qxf6 19. Qxc4 Ra4 20. Rfc1 Rfa8 21.
Qc3 Qxc3 22. Rxc3 Ra1 23. Rcc1 Rxb1 24. Rxb1 Ra2 25. Kf1 Ra3 26. b5 Rxd3 27.
bxc6 bxc6 28. Ne5 Rd6 29. Ra1 Nb8 30. Nxc6 Nxc6 1/2-1/2

[Event "Monarque Noir"]
[Site "Gatineau CAN"]
[Date "2006.01.17"]
[Round "3"]
[White "Arsenault, Yves"]
[Black "Thompson, Dan"]
[Result "0-1"]
[WhiteElo "1536"]
[BlackElo "1363"]
[PlyCount "46"]
[EventDate "2006.01.03"]
[EventType "swiss"]
[EventRounds "7"]
[EventCountry "CAN"]

1. e4 c6 2. d4 d5 3. Nc3 dxe4 4. Nxe4 Nd7 5. Nf3 Ngf6 6. Bd3 Nxe4 7. Bxe4 Nf6
8. Bd3 e6 9. O-O Bd6 10. Re1 h6 11. c4 b6 12. b3 O-O 13. Bb2 c5 14. Re2 Bb7 15.
Rd2 Bf4 16. Rc2 cxd4 17. Nxd4 e5 18. Ne2 Bxh2+ 19. Kxh2 Ng4+ 20. Kg3 Qg5 21.
Qg1 Ne3+ 22. Kh3 Qg4+ 23. Kh2 Qh4# 0-1

[Event "Monarque Noir"]
[Site "Gatineau CAN"]
[Date "2006.01.17"]
[Round "3"]
[White "Brassard, Sylvain"]
[Black "Pepin, Christian"]
[Result "0-1"]
[WhiteElo "1816"]
[BlackElo "2067"]
[PlyCount "60"]
[EventDate "2006.01.03"]
[EventType "swiss"]
[EventRounds "7"]
[EventCountry "CAN"]

1. d4 f5 2. g3 Nf6 3. Bg2 d5 4. c4 e6 5. Bg5 c6 6. cxd5 exd5 7. Bxf6 Qxf6 8. e3
Bd6 9. Ne2 O-O 10. O-O g5 11. Nbc3 f4 12. exf4 gxf4 13. f3 Na6 14. g4 Nc7 15.
Rc1 Bd7 16. Qb3 b5 17. Ne4 Qe6 18. Nxd6 Qxd6 19. Rfe1 Qf6 20. Qc3 a5 21. Rc2 b4
22. Qd2 Nb5 23. Bf1 Rae8 24. Rd1 Re3 25. Re1 Rxf3 26. Bg2 Re3 27. Rf1 Rxe2 28.
Qxe2 Nxd4 29. Qd3 Nxc2 30. Qxc2 Bxg4 0-1

[Event "Monarque Noir"]
[Site "Gatineau CAN"]
[Date "2006.01.17"]
[Round "3"]
[White "Dallaire, Dominic"]
[Black "Laferriere, Bruno"]
[Result "0-1"]
[WhiteElo "1837"]
[BlackElo "1725"]
[PlyCount "122"]
[EventDate "2006.01.03"]
[EventType "swiss"]
[EventRounds "7"]
[EventCountry "CAN"]

1. e4 e5 2. Nf3 Nc6 3. Bb5 a6 4. Ba4 Nf6 5. O-O b5 6. Bb3 Bb7 7. Ng5 d5 8. exd5
Nxd5 9. Qf3 Qxg5 10. Bxd5 Qf6 11. c3 Qxf3 12. Bxf3 O-O-O 13. Na3 f5 14. Nc2 e4
15. Be2 f4 16. f3 Bc5+ 17. Kh1 Ne7 18. fxe4 Bxe4 19. Ne1 g5 20. d3 Bb7 21. d4
Bd6 22. Nf3 g4 23. Ne5 f3 24. gxf3 Bxe5 25. dxe5 gxf3 26. Bxf3 Bxf3+ 27. Rxf3
Rd1+ 28. Kg2 Rg8+ 29. Rg3 Ng6 30. Kf2 Rf8+ 31. Rf3 Rxf3+ 32. Kxf3 Nxe5+ 33. Ke2
Rh1 34. b3 Rxh2+ 35. Ke3 Rh1 36. Bb2 Rxa1 37. Bxa1 Ng6 38. a4 bxa4 39. bxa4 Kd7
40. c4 Ke6 41. Ke4 h5 42. Bd4 Ne7 43. Kf4 Nf5 44. Bf2 c6 45. Bc5 Nd6 46. Kg3
Nxc4 47. Kh4 Kd5 48. Bf2 Nb2 49. a5 Nd3 50. Be3 c5 51. Kxh5 c4 52. Kg4 Ke4 53.
Bd2 Nf2+ 54. Kg3 Nd1 55. Kg2 Kd3 56. Bg5 Ke2 57. Kg3 Ne3 58. Kf4 Kd3 59. Ke5 c3
60. Be7 c2 61. Ba3 Nc4+ 0-1

[Event "Monarque Noir"]
[Site "Gatineau CAN"]
[Date "2006.01.17"]
[Round "3"]
[White "Dupont, Claude"]
[Black "Coulombe, Simon"]
[Result "0-1"]
[WhiteElo "1432"]
[BlackElo "1315"]
[PlyCount "77"]
[EventDate "2006.01.03"]
[EventType "swiss"]
[EventRounds "7"]
[EventCountry "CAN"]

1. e4 e6 2. d4 d5 3. e5 c5 4. c3 Nc6 5. Nf3 cxd4 6. cxd4 Qb6 7. a3 Nge7 8. Nc3
Nf5 9. Bb5 a6 10. Bxc6+ bxc6 11. b4 a5 12. bxa5 Rxa5 13. O-O c5 14. Rb1 Qa6 15.
dxc5 Bxc5 16. a4 O-O 17. Rb5 Bd7 18. Rxa5 Qxa5 19. Bd2 Bb4 20. g4 Bxc3 21. Bxc3
Qxc3 22. gxf5 Bxa4 23. Qxa4 Qxf3 24. fxe6 fxe6 25. Qd7 Qg4+ 26. Kh1 Qe4+ 27. f3
Qxe5 28. Kg2 Qe2+ 29. Rf2 Qa6 30. f4 Qc8 31. Qd6 Rd8 32. Qe5 d4 33. Rd2 Qc6+
34. Kg3 Qc3+ 35. Kg4 Qxd2 36. Qxe6+ Kh8 37. h4 d3 38. Qe7 Qe2+ 39. Qxe2 0-1

[Event "Monarque Noir"]
[Site "Gatineau CAN"]
[Date "2006.01.18"]
[Round "3"]
[White "Jani, Louis"]
[Black "Lamothe, Luc"]
[Result "0-1"]
[WhiteElo "1416"]
[BlackElo "1172"]
[PlyCount "62"]
[EventDate "2006.01.03"]
[EventType "swiss"]
[EventRounds "7"]
[EventCountry "CAN"]

1. e4 e5 2. Nf3 Nf6 3. Nc3 Nc6 4. a3 d5 5. exd5 Nxd5 6. Bc4 Nxc3 7. bxc3 Bg4 8.
d3 Bc5 9. O-O Qd7 10. Re1 f6 11. Be3 Qd6 12. Bxc5 Qxc5 13. Re3 O-O-O 14. Qc1 b5
15. Ba2 Bxf3 16. Rxf3 Qxc3 17. Be6+ Kb7 18. Rb1 Nd4 19. Kf1 c6 20. Rg3 Nxe6 21.
d4 Qxd4 22. Rd3 Qc4 23. Rb4 Qc5 24. Re3 Nd4 25. c3 Nf5 26. Rf3 Nd4 27. Rg3 a5
28. Rxg7+ Kb6 29. Rb2 Qc4+ 30. Ke1 Ne6 31. Rg3 Nc5 0-1

[Event "Monarque Noir"]
[Site "Gatineau CAN"]
[Date "2006.01.17"]
[Round "3"]
[White "Kouassi, Karen"]
[Black "Levesque, Andre"]
[Result "0-1"]
[WhiteElo "1132"]
[BlackElo "1345"]
[PlyCount "58"]
[EventDate "2006.01.03"]
[EventType "swiss"]
[EventRounds "7"]
[EventCountry "CAN"]

1. e4 c5 2. Nc3 Nc6 3. Nf3 g6 4. Bb5 Bg7 5. Bxc6 bxc6 6. Na4 Qa5 7. c4 Nf6 8.
Qe2 Qxa4 9. O-O O-O 10. b3 Qa5 11. d3 Nxe4 12. Bb2 Bxb2 13. Qxb2 Nf6 14. Rfe1
Re8 15. h3 d6 16. Qc1 e5 17. Qh6 Qc7 18. Re3 Nh5 19. Rae1 f6 20. Re4 Nf4 21. d4
Ne6 22. dxe5 dxe5 23. Qe3 Bd7 24. Rg4 Nf4 25. Rg3 Nh5 26. Nxe5 fxe5 27. Rg5 Re6
28. Qxc5 Nf4 29. Re3 Rae8 0-1

[Event "Monarque Noir"]
[Site "Gatineau CAN"]
[Date "2006.01.17"]
[Round "3"]
[White "Lacourse, Guy"]
[Black "Libersan, Mattieu"]
[Result "1/2-1/2"]
[WhiteElo "1717"]
[BlackElo "1821"]
[PlyCount "68"]
[EventDate "2006.01.03"]
[EventType "swiss"]
[EventRounds "7"]
[EventCountry "CAN"]

1. c4 Nf6 2. Nf3 g6 3. g3 Bg7 4. Bg2 O-O 5. O-O d6 6. d3 c5 7. e3 Nc6 8. a3 Bg4
9. h3 Bd7 10. Nc3 Rc8 11. Qc2 e6 12. Rb1 d5 13. Ne2 Qe7 14. e4 dxe4 15. dxe4 e5
16. Nc3 Nd4 17. Qd3 Rfd8 18. Bg5 Bc6 19. Bxf6 Qxf6 20. Nd5 Qe6 21. Nd2 b6 22.
f3 Rd7 23. Rf2 Rcd8 24. b3 Re8 25. a4 Red8 26. Rb2 Rf8 27. Nb1 f5 28. Nbc3 fxe4
29. fxe4 Rdf7 30. Nd1 Bh6 31. Rxf7 Rxf7 32. Rf2 Bd7 33. Rxf7 Qxf7 34. Nf2 Be6
1/2-1/2

[Event "Monarque Noir"]
[Site "Gatineau CAN"]
[Date "2006.01.17"]
[Round "3"]
[White "Laurin, Marcel"]
[Black "Beland, Guy"]
[Result "1-0"]
[WhiteElo "1717"]
[BlackElo "1475"]
[PlyCount "87"]
[EventDate "2006.01.03"]
[EventType "swiss"]
[EventRounds "7"]
[EventCountry "CAN"]

1. d4 Nf6 2. c4 g6 3. Nc3 Bg7 4. e4 O-O 5. Be2 c6 6. e5 Ne8 7. Nf3 d5 8. cxd5
cxd5 9. Be3 f6 10. Rc1 Nc6 11. O-O Bg4 12. Nxd5 fxe5 13. dxe5 Nxe5 14. Nf4 Qa5
15. Qb3+ Kh8 16. Rc5 Qb6 17. Nxe5 Rxf4 18. Bxg4 Qxb3 19. axb3 Re4 20. Nf7+ Kg8
21. Bf3 Rb4 22. Bd5 Bxb2 23. Ne5+ Kg7 24. Nd3 Ba3 25. Nxb4 Bxb4 26. Rb5 Nc7 27.
Rxb4 Nxd5 28. Rxb7 Kf7 29. Bxa7 Ke6 30. b4 Kd6 31. Bc5+ Kc6 32. Ra7 Rxa7 33.
Bxa7 Nxb4 34. Rc1+ Kb5 35. Be3 e6 36. Rc8 h5 37. Rg8 h4 38. Rxg6 e5 39. Rh6 h3
40. Rxh3 Nd3 41. Rg3 Kc4 42. h4 Nf4 43. Bxf4 exf4 44. Rf3 1-0

[Event "Monarque Noir"]
[Site "Gatineau CAN"]
[Date "2006.01.17"]
[Round "3"]
[White "Mai, Lloyd"]
[Black "Blouin, Francois"]
[Result "1-0"]
[WhiteElo "2014"]
[BlackElo "1563"]
[PlyCount "57"]
[EventDate "2006.01.03"]
[EventType "swiss"]
[EventRounds "7"]
[EventCountry "CAN"]

1. e4 e6 2. d3 d5 3. Nd2 Nf6 4. g3 g6 5. Bg2 Bg7 6. f4 Nc6 7. Ne2 b6 8. O-O Bb7
9. e5 Nd7 10. d4 O-O 11. c3 Ne7 12. g4 f5 13. Ng3 c5 14. gxf5 Nxf5 15. Nxf5
gxf5 16. Rf3 Qh4 17. Nf1 Rf7 18. Rg3 Nf8 19. Be3 Ng6 20. Nd2 cxd4 21. cxd4 Rc8
22. Nf3 Qe7 23. Ng5 Nh4 24. Qh5 Nxg2 25. Qxh7+ Kf8 26. Rxg2 Ba6 27. Nxf7 Qxf7
28. Bd2 Qg8 29. Bb4+ 1-0

[Event "Monarque Noir"]
[Site "Gatineau CAN"]
[Date "2006.01.17"]
[Round "3"]
[White "Maisonneuve, Paul"]
[Black "Gagnon, Fabien"]
[Result "0-1"]
[WhiteElo "1529"]
[BlackElo "2007"]
[PlyCount "82"]
[EventDate "2006.01.03"]
[EventType "swiss"]
[EventRounds "7"]
[EventCountry "CAN"]

1. d4 g6 2. Bf4 Bg7 3. Nf3 c5 4. c3 Qb6 5. Qb3 cxd4 6. Qxb6 axb6 7. cxd4 Nc6 8.
e3 Nb4 9. Kd1 Nf6 10. Nc3 O-O 11. a3 d6 12. Rc1 Nc6 13. Be2 Ng4 14. Ke1 e5 15.
dxe5 dxe5 16. Bg5 h6 17. Bh4 Be6 18. h3 Nf6 19. Bg3 Nd7 20. Nb5 Nc5 21. Nd2
Rad8 22. Rd1 Rd7 23. b4 Nd3+ 24. Bxd3 Rxd3 25. Ne4 Rfd8 26. Rxd3 Rxd3 27. Ned6
Rb3 28. Kd2 Rb2+ 29. Kd3 Bd5 30. f3 Rxg2 31. e4 Be6 32. Be1 h5 33. h4 Bh6 34.
Nxb7 Rb2 35. N7d6 Rb3+ 36. Bc3 Bf8 37. Nc4 Nd4 38. Nxb6 Nxb5 39. Nd5 Bxd5 40.
exd5 Rxc3+ 41. Ke2 Rxa3 0-1

[Event "Monarque Noir"]
[Site "Gatineau CAN"]
[Date "2006.01.17"]
[Round "3"]
[White "Rainey, Ivan"]
[Black "Kennedy, Phillip"]
[Result "0-1"]
[WhiteElo "1062"]
[BlackElo "1382"]
[PlyCount "66"]
[EventDate "2006.01.03"]
[EventType "swiss"]
[EventRounds "7"]
[EventCountry "CAN"]

1. e4 e5 2. Nf3 Nc6 3. b3 Nf6 4. Bb2 d6 5. d4 exd4 6. Nxd4 Nxd4 7. Bxd4 c5 8.
Bxf6 Qxf6 9. Nd2 g6 10. g3 Bg7 11. Rc1 O-O 12. Bg2 Rb8 13. O-O Re8 14. c3 b6
15. Nc4 Qe6 16. Qxd6 Qxd6 17. Nxd6 Rd8 18. Rfd1 Bf8 19. Nxc8 Rbxc8 20. Bf3 Be7
21. Rxd8+ Rxd8 22. Rd1 Kg7 23. Rxd8 Bxd8 24. g4 Kf6 25. h3 Ke5 26. Kg2 h6 27.
Kg3 Kf6 28. h4 Bc7+ 29. Kh3 Ke5 30. c4 Kd4 31. h5 g5 32. Bg2 Be5 33. f3 Kc3 0-1

[Event "Monarque Noir"]
[Site "Gatineau CAN"]
[Date "2006.01.18"]
[Round "3"]
[White "Villeneuve, Luc"]
[Black "Charland, Roger"]
[Result "0-1"]
[WhiteElo "1601"]
[BlackElo "1428"]
[PlyCount "26"]
[EventDate "2006.01.03"]
[EventType "swiss"]
[EventRounds "7"]
[EventCountry "CAN"]

1. Nf3 Nf6 2. g3 d5 3. Bg2 c5 4. O-O Bg4 5. Ne5 Bf5 6. c4 e6 7. Qa4+ Nbd7 8.
Nc3 d4 9. Nb1 Be4 10. Bxe4 Nxe4 11. d3 Nef6 12. f4 Bd6 13. Nd2 Bxe5 0-1

[Event "Monarque Noir"]
[Site "Gatineau CAN"]
[Date "2006.01.26"]
[Round "4"]
[White "Beland, Guy"]
[Black "Rachelko, Maxim"]
[Result "1-0"]
[WhiteElo "1475"]
[BlackElo "1688"]
[PlyCount "50"]
[EventDate "2006.01.03"]
[EventType "swiss"]
[EventRounds "7"]
[EventCountry "CAN"]

1. e4 e5 2. Nf3 Nc6 3. Bc4 Bc5 4. b4 Bxb4 5. c3 Bc5 6. d4 exd4 7. cxd4 Bb4+ 8.
Bd2 Bxd2+ 9. Nbxd2 Nge7 10. O-O O-O 11. Re1 d5 12. Bb3 dxe4 13. Nxe4 Bg4 14. h3
Bxf3 15. Qxf3 Nxd4 16. Qg4 Nef5 17. Rad1 g6 18. Qf4 h6 19. g4 Qc8 20. Rd3 Nxb3
21. axb3 Nd6 22. Nf6+ Kg7 23. Nd7 Rd8 24. Rxd6 cxd6 25. Qd4+ Kh7 1-0

[Event "Monarque Noir"]
[Site "Gatineau CAN"]
[Date "2006.01.24"]
[Round "4"]
[White "Blouin, Francois"]
[Black "Levesque, Andre"]
[Result "1-0"]
[WhiteElo "1563"]
[BlackElo "1543"]
[PlyCount "143"]
[EventDate "2006.01.03"]
[EventType "swiss"]
[EventRounds "7"]
[EventCountry "CAN"]

1. e4 c5 2. Nc3 Nc6 3. g3 g6 4. Bg2 Nf6 5. d3 Bg7 6. Be3 d6 7. Qd2 O-O 8. Bh6
Qc7 9. Nf3 Be6 10. O-O Rad8 11. Bxg7 Kxg7 12. Ng5 Bc8 13. f4 h6 14. Nf3 e6 15.
Nd1 Qb6 16. c4 e5 17. Nf2 a6 18. Bh3 Qc7 19. f5 Qe7 20. Nh4 Nd4 21. Ng4 g5 22.
Nf3 Nxf3+ 23. Rxf3 Nh5 24. Raf1 f6 25. Ne3 Kh7 26. R3f2 Rg8 27. Nd5 Qf7 28. Kh1
Bd7 29. Qe2 Be8 30. Bg4 Ng7 31. Qd2 h5 32. Bd1 Bc6 33. Ne3 b5 34. Qa5 Ra8 35.
Bb3 b4 36. Ba4 Bxa4 37. Qxa4 Ne8 38. Rb1 Qb7 39. Nd5 Kg7 40. b3 Rf8 41. Rfb2 a5
42. Ra1 Rf7 43. a3 Nc7 44. Nxc7 Rxc7 45. axb4 cxb4 46. Qa2 Qb6 47. Qb1 Qc6 48.
Rba2 Qb6 49. Qg1 Qxg1+ 50. Kxg1 Rc5 51. Kf2 Kh6 52. Ra4 g4 53. Rxb4 Rcc8 54.
Rb6 Rcb8 55. Rb5 Rxb5 56. cxb5 Kg5 57. Ke2 h4 58. Kd2 h3 59. Ra4 Kh6 60. Rc4
Rb8 61. Rc6 Rxb5 62. Kc3 Rc5+ 63. Rxc5 dxc5 64. Kc4 Kg7 65. Kxc5 Kf7 66. Kb5
Ke7 67. Kxa5 Kd6 68. Kb6 Kd7 69. Kc5 Kc7 70. b4 Kb7 71. Kd6 Kb6 72. Ke6 1-0

[Event "Monarque Noir"]
[Site "Gatineau CAN"]
[Date "2006.01.24"]
[Round "4"]
[White "Dallaire, Dominic"]
[Black "Szalay, Karoly"]
[Result "1-0"]
[WhiteElo "1837"]
[BlackElo "1737"]
[PlyCount "164"]
[EventDate "2006.01.03"]
[EventType "swiss"]
[EventRounds "7"]
[EventCountry "CAN"]

1. e4 e5 2. Nf3 Nc6 3. Bb5 a6 4. Ba4 Nf6 5. O-O b5 6. Bb3 Bc5 7. Nxe5 Nxe5 8.
d4 Bxd4 9. Qxd4 d6 10. Bg5 c5 11. Bxf6 gxf6 12. Qd2 c4 13. Nc3 cxb3 14. axb3
Be6 15. f4 Nc6 16. f5 Bc8 17. Nd5 Ne5 18. Qh6 Nd7 19. Qg7 Rf8 20. Qxh7 Bb7 21.
Nf4 Qe7 22. Rfe1 O-O-O 23. Ng6 Qe8 24. Nxf8 Qxf8 25. Qh4 Qg7 26. Re3 Nc5 27.
Rc3 Kb8 28. Rg3 Qh8 29. Qf4 Nxe4 30. Re3 Ng5 31. h4 Nh7 32. Rd1 Qg7 33. g3 Qf8
34. c4 bxc4 35. bxc4 Ka8 36. b4 d5 37. c5 Bc6 38. Ra1 Kb7 39. Qf1 Bb5 40. Qe1
Re8 41. Raa3 d4 42. Rxe8 Qxe8 43. Qxe8 Bxe8 44. Rd3 Bd7 45. g4 Bc6 46. Rxd4 Nf8
47. Kf2 Kc7 48. Ke3 Nd7 49. g5 fxg5 50. hxg5 Bb5 51. g6 fxg6 52. fxg6 Nf6 53.
Kf4 Be8 54. Kg5 Ng8 55. Rd6 Bb5 56. g7 Bc4 57. Kg6 Ne7+ 58. Kh7 Bg8+ 59. Kh8
Bc4 60. Rd1 Bb3 61. Re1 Kd7 62. Kh7 Bg8+ 63. Kh6 Nd5 64. Re4 Bf7 65. Rd4 Kc6
66. Kg5 Bg8 67. Kf5 Ne7+ 68. Ke5 Kb5 69. Rd7 Nc6+ 70. Kd6 Nxb4 71. Rb7+ Kc4 72.
Rb8 Bf7 73. g8=Q Bxg8 74. Rxg8 a5 75. c6 Nxc6 76. Kxc6 a4 77. Rg4+ Kb3 78. Rg3+
Kc4 79. Rg4+ Kb3 80. Kc5 a3 81. Rb4+ Kc2 82. Kc4 a2 1-0

[Event "Monarque Noir"]
[Site "Gatineau CAN"]
[Date "2006.01.26"]
[Round "4"]
[White "Desjardins, Michel"]
[Black "Arsenault, Michel"]
[Result "1/2-1/2"]
[WhiteElo "1891"]
[BlackElo "1980"]
[PlyCount "33"]
[EventDate "2006.01.03"]
[EventType "swiss"]
[EventRounds "7"]
[EventCountry "CAN"]

1. e4 c5 2. Nc3 Nc6 3. g3 g6 4. Bg2 Bg7 5. d3 d6 6. Be3 e5 7. Qd2 Be6 8. f4
Nge7 9. Nf3 Nd4 10. O-O h6 11. a3 Nec6 12. h3 O-O 13. Rab1 a5 14. fxe5 Nxf3+
15. Rxf3 Nxe5 16. Rf2 Kh7 17. Kh2 1/2-1/2

[Event "Monarque Noir"]
[Site "Gatineau CAN"]
[Date "2006.01.24"]
[Round "4"]
[White "Dupont, Claude"]
[Black "Arsenault, Yves"]
[Result "1-0"]
[WhiteElo "1432"]
[BlackElo "1536"]
[PlyCount "67"]
[EventDate "2006.01.03"]
[EventType "swiss"]
[EventRounds "7"]
[EventCountry "CAN"]

1. e4 c5 2. Nf3 Nc6 3. d4 cxd4 4. Nxd4 Nf6 5. Nxc6 bxc6 6. Bd3 Bb7 7. O-O e6 8.
Bg5 Be7 9. c4 h6 10. Bh4 O-O 11. e5 Ne8 12. Bxe7 Qxe7 13. Nd2 d5 14. cxd5 cxd5
15. Nf3 Rd8 16. Nd4 Nc7 17. a3 a5 18. Rc1 Na6 19. Bxa6 Bxa6 20. Re1 Bb7 21. Qd2
a4 22. Rc3 Rd7 23. Rec1 Ra8 24. g3 f6 25. Qe2 Re8 26. f4 fxe5 27. Qxe5 Qf7 28.
Rc7 Ba6 29. Rxd7 Qxd7 30. Rc7 Qxc7 31. Qxc7 Rc8 32. Qe5 Rc1+ 33. Kf2 Rf1+ 34.
Kg2 1-0

[Event "Monarque Noir"]
[Site "Gatineau CAN"]
[Date "2006.01.24"]
[Round "4"]
[White "Groleau, Gilles"]
[Black "Laferriere, Bruno"]
[Result "1-0"]
[WhiteElo "2030"]
[BlackElo "1725"]
[PlyCount "95"]
[EventDate "2006.01.03"]
[EventType "swiss"]
[EventRounds "7"]
[EventCountry "CAN"]

1. e4 e5 2. Nf3 Nc6 3. Bb5 a6 4. Ba4 Nf6 5. Qe2 b5 6. Bb3 Be7 7. a4 b4 8. a5
O-O 9. d3 Bb7 10. O-O d6 11. Nbd2 Nd7 12. Re1 Nc5 13. Bd5 Ne6 14. Nb3 Rb8 15.
Be3 Kh8 16. Qd2 Qd7 17. d4 Nexd4 18. Nfxd4 Nxd4 19. Nxd4 Bxd5 20. exd5 exd4 21.
Bxd4 f5 22. Qe2 Bf6 23. Bxf6 Rxf6 24. Qxa6 f4 25. f3 Rff8 26. Qc6 Qf7 27. Re4
g5 28. Qc4 g4 29. Qd4+ Kg8 30. fxg4 Rb5 31. Rf1 Rxd5 32. Qxb4 f3 33. Rxf3 Rd1+
34. Kf2 Qd5 35. Qc4 Ra8 36. Qxd5+ Rxd5 37. b4 c5 38. c3 cxb4 39. cxb4 Rd2+ 40.
Kg3 Rc8 41. a6 Rcc2 42. Re8+ Kg7 43. a7 Rxg2+ 44. Kf4 Rc4+ 45. Kf5 Rcxg4 46.
Rg3 R4xg3 47. hxg3 Rf2+ 48. Kg4 1-0

[Event "Monarque Noir"]
[Site "Gatineau CAN"]
[Date "2006.01.24"]
[Round "4"]
[White "Guimond, Michel"]
[Black "Laurin, Marcel"]
[Result "0-1"]
[WhiteElo "1887"]
[BlackElo "1717"]
[PlyCount "68"]
[EventDate "2006.01.03"]
[EventType "swiss"]
[EventRounds "7"]
[EventCountry "CAN"]

1. e4 c5 2. Nf3 Nc6 3. d4 cxd4 4. Nxd4 a6 5. Nc3 e6 6. Bc4 Qc7 7. Bb3 Bd6 8.
Be3 Nf6 9. f3 Bxh2 10. Qd2 Bg3+ 11. Bf2 Bxf2+ 12. Qxf2 Nxd4 13. Qxd4 Qg3+ 14.
Kf1 O-O 15. e5 Ne8 16. Ne4 Qg6 17. c3 f6 18. Bc2 fxe5 19. Qd2 h6 20. Rh3 d5 21.
Rg3 Qh5 22. Rh3 Qg6 23. Kf2 dxe4 24. Rah1 e3+ 25. Kxe3 Qg5+ 26. Ke2 Qxg2+ 27.
Ke1 Qxd2+ 28. Kxd2 Bd7 29. Rg3 Rf6 30. Ke2 g5 31. Be4 Nd6 32. Rgh3 Nxe4 33.
fxe4 Kg7 34. Rd1 Bc6 0-1